Вып. 7; Импульсная обработка металлов давлением

Bibliographische Detailangaben
Parent link:Импульсная обработка металлов давлением: тематический сборник научных трудов/ Харьковский авиационный институт. Вып. 7.— , 1970-1982
Weitere Verfasser: Борисевич В. К. (редактор)
Sprache:Russisch
Veröffentlicht: 1978
Schlagworte:
Format: MixedMaterials Buch
KOHA link:https://koha.lib.tpu.ru/cgi-bin/koha/opac-detail.pl?biblionumber=332555

MARC

LEADER 00000nam2a2200000 4500
001 332555
005 20231101030305.0
035 |a (RuTPU)RU\TPU\book\358501 
035 |a RU\TPU\book\358500 
090 |a 332555 
100 |a 20170525d1978 k y0rusy5003 ca 
101 0 |a rus 
102 |a UA 
105 |a a z 001zy 
200 0 |a Вып. 7  |f отв. ред. В. К. Борисевич 
210 |d 1978 
215 |a 162 с.  |c ил. 
320 |a Библиография в конце статей 
461 1 |0 (RuTPU)RU\TPU\book\329827  |t Импульсная обработка металлов давлением  |o тематический сборник научных трудов  |f Харьковский авиационный институт  |v Вып. 7  |d 1970-1982 
606 1 |a Металлообработка давлением импульсная  |2 stltpush  |3 (RuTPU)RU\TPU\subj\42512 
610 1 |a металлы 
610 1 |a импульсная обработка давлением 
610 1 |a технологические процессы 
610 1 |a внешние нагрузки 
610 1 |a оптимизация 
610 1 |a гидропотоки 
610 1 |a численные методы 
610 1 |a штамповка 
610 1 |a взрывная штамповка 
610 1 |a деформирование 
675 |a 621.73.04  |z rus  |v 3 
702 1 |a Борисевич  |b В. К.  |4 340 
801 0 |a RU  |b RuMRKP  |c 19950704  |g psbo 
801 1 |a RU  |b 63413507  |c 20150919 
801 2 |a RU  |b 63413507  |c 20170606  |g RCR 
942 |c BK